000 00592nam a2200229Ia 4500
003 OSt
005 20220923213815.0
006 a|||||r|||| 00| 0
007 ta
008 220922b |||||||| |||| 00| 0 hin d
024 _a164,683
037 _cTextual
040 _aARTS
_cARTS
_bhin
041 _2hin
_ahin
082 _aO152:1M95x, J6
100 _aबेढब बनारसी
_9156291
245 0 _aबिजली
246 _aBijalī
260 _c1956
942 _hO152:1M95x, J6
_cTEXL
_2CC
999 _c319162
_d319162